000
00276nam a22001097a 4500
008
160506b xxu||||| |||| 00| 0 eng d
020
_a
0812110927
041
_a
eng
080
_a
61
245
_a
Inflammatory bowel disease:
_c
Joseph B. Kirsner; Roy G. Shorter;
942
_2
udc
_c
BK
999
_c
1856
_d
1856